[Event "Bayern-chI Bank Hofmann 17th"]
[Site "Bad Wiessee"]
[Date "2013.10.28"]
[Round "4"]
[White "Mosblech, Michael"]
[Black "Esipenko, Andrey"]
[Result "0-1"]
[WhiteElo "1923"]
[BlackElo "2248"]
[PlyCount "94"]
[EventDate "2013.10.26"]
[EventType "swiss"]
[EventRounds "9"]
[EventCountry "GER"]
[SourceTitle "EXT 2014"]
[Source "ChessBase"]
[SourceDate "2013.11.20"]
[SourceVersion "1"]
[SourceVersionDate "2013.11.20"]
[SourceQuality "1"]

1. Nc3 c5 2. e4 d6 3. f4 Nc6 4. Nf3 g6 5. a3 Bh6 6. d3 Bg7 7. g3 Nf6 8. Bg2 0-0 9. 0-0 Rb8 10. h3 b5 11. Qe2 Nd4 12. Qf2 Nxf3+ 13. Qxf3 Nd7 14. Be3 a5 15. a4 b4 16. Nd1 Ba6 17. Re1 Nb6 18. Bf1 Qd7 19. Qf2 Nxa4 20. Rb1 Nb6 21. Kh2 Bb7 22. Bg2 Bc6 23. b3 Nc8 24. d4 cxd4 25. Bxd4 Bxd4 26. Qxd4 Na7 27. Ne3 Nb5 28. Qd3 Na3 29. Rbd1 Qa7 30. f5 Rbd8 31. c4 Qc5 32. Nd5 Bxd5 33. exd5 Rd7 34. Rd2 a4 35. Be4 Kg7 36. Rf1 Rdd8 37. Qf3 axb3 38. f6+ exf6 39. Qxf6+ Kg8 40. Rdf2 Qxc4 41. Rf4 Qc3 42. Qe7 Qe5 43. Qb7 Rb8 44. Qa7 f5 45. Bxf5 gxf5 46. Rxf5 Rxf5 47. Qxb8+ Kg7 0-1

[Event "Bayern-chI Bank Hofmann 14th"]
[Site "Bad Wiessee"]
[Date "2010.10.30"]
[Round "1"]
[White "Ringoir, Tanguy"]
[Black "Mosblech, Michael"]
[Result "1-0"]
[WhiteElo "2379"]
[BlackElo "1972"]
[PlyCount "49"]
[EventDate "2010.10.30"]
[EventType "swiss"]
[EventRounds "9"]
[EventCountry "GER"]
[SourceTitle "EXT 2011"]
[Source "ChessBase"]
[SourceDate "2010.11.26"]
[SourceVersion "1"]
[SourceVersionDate "2010.11.26"]
[SourceQuality "1"]

1. e4 e6 2. d4 d5 3. Nd2 Nc6 4. Ngf3 Nf6 5. e5 Nd7 6. Bb5 Be7 7. 0-0 a6 8. Ba4 Nb6 9. Bxc6+ bxc6 10. c4 dxc4 11. Qc2 Qd5 12. Ne4 Bb7 13. Be3 h6 14. Nc5 Ra7 15. Rac1 a5 16. Rfd1 Ba6 17. Nd2 0-0 18. Nde4 Bb5 19. Qd2 Kh7 20. Rc3 Rg8 21. Bg5 f6 22. exf6 gxf6 23. Bxf6 Bxc5 24. Qc2 Qf5 25. Rf3 1-0

[Event "Bad Woerishofen op 26th"]
[Site "Bad Woerishofen"]
[Date "2010.03.06"]
[Round "1"]
[White "Koepke, Christian"]
[Black "Mosblech, Michael"]
[Result "1-0"]
[WhiteElo "2370"]
[BlackElo "2003"]
[PlyCount "33"]
[EventDate "2010.03.06"]
[EventType "swiss"]
[EventRounds "9"]
[EventCountry "GER"]
[SourceTitle "CBM 135 Extra"]
[Source "ChessBase"]
[SourceDate "2010.05.04"]
[SourceVersion "1"]
[SourceVersionDate "2010.05.04"]
[SourceQuality "1"]

1. e4 e6 2. b3 d5 3. Bb2 dxe4 4. Nc3 Nf6 5. Qe2 b6 6. Nxe4 Bb7 7. Nxf6+ gxf6 8. 0-0-0 Nd7 9. Nf3 Rg8 10. g3 Bd6 11. Bg2 Qe7 12. Kb1 a5 13. a4 f5 14. Rhe1 Ba6 15. Qe3 f4 16. Qe4 0-0-0 17. Nd4 1-0